[Event "26. Obert Vila de Sant Boi 2014"]
[Site "Sant Boi de Llobregat ESP"]
[Date "2014.04.25"]
[Round "3.5"]
[White "Carreño Riera, Carles"]
[Black "Blasco Coll, Andreu"]
[Result "0-1"]
[WhiteElo "2074"]
[BlackElo "2182"]
[PlyCount "76"]
[EventDate "2014.04.04"]
[EventType "swiss"]
[EventRounds "9"]
[EventCountry "ESP"]
[Source "lmi"]
[SourceDate "2014.04.04"]

1. d4 Nf6 2. c4 g6 3. Nc3 d5 4. Bf4 Bg7 5. Nf3 O-O 6. e3 c5 7. dxc5 Qa5 8. Be2
Ne4 9. O-O Nxc3 10. bxc3 dxc4 11. Bxc4 Qxc5 12. Qb3 Nc6 13. Bxf7+ Rxf7 14. Ng5
e6 15. Nxf7 Kxf7 16. Rad1 Qxc3 17. Qb5 e5 18. Bg3 Qb4 19. Qd5+ Be6 20. Qf3+ Kg8
21. Rb1 Qe7 22. a3 Ba2 23. Rbc1 Qxa3 24. Qg4 Qe7 25. Rfd1 Be6 26. Qe4 a5 27.
Bh4 Qb4 28. Qb1 a4 29. Qxb4 Nxb4 30. Be7 Bf8 31. Bf6 Nc6 32. f4 a3 33. Ra1 a2
34. Rdc1 Ba3 35. Rc2 Nb4 36. Rc7 Bb2 37. Bxe5 Bxa1 38. Bxa1 Rc8 0-1

[Event "26. Obert Vila de Sant Boi 2014"]
[Site "Sant Boi de Llobregat ESP"]
[Date "2014.04.25"]
[Round "3.6"]
[White "Langa Ramiro, Ricard"]
[Black "Marin Benito, Carla"]
[Result "0-1"]
[WhiteElo "2150"]
[BlackElo "2035"]
[PlyCount "61"]
[EventDate "2014.04.04"]
[EventType "swiss"]
[EventRounds "9"]
[EventCountry "ESP"]
[Source "lmi"]
[SourceDate "2014.04.04"]

1. d4 Nf6 2. Nf3 g6 3. Bg5 Bg7 4. Nbd2 O-O 5. e4 d6 6. c3 Nbd7 7. Bc4 e5 8. h3
h6 9. Be3 Qe7 10. Qc2 Re8 11. O-O-O a5 12. Rhe1 c6 13. g4 Nh7 14. Kb1 b5 15.
Bd3 Rb8 16. dxe5 dxe5 17. Nb3 a4 18. Na5 Qe6 19. Qd2 Ra8 20. c4 b4 21. Qxb4 Bf8
22. c5 Ba6 23. Bc2 Reb8 24. Qc3 Rb5 25. Bxa4 Rxa5 26. Bb3 Qe8 27. Rxd7 Qxd7 28.
Nxe5 Bg7 29. Bxh6 Qd3+ 30. Qxd3 Bxd3+ 31. Nxd3 0-1

[Event "26. Obert Vila de Sant Boi 2014"]
[Site "Sant Boi de Llobregat ESP"]
[Date "2014.04.25"]
[Round "3.8"]
[White "Miguel Centeno, David"]
[Black "Cerro Cañizares, Teodoro"]
[Result "1/2-1/2"]
[WhiteElo "2204"]
[BlackElo "2047"]
[PlyCount "32"]
[EventDate "2014.04.04"]
[EventType "swiss"]
[EventRounds "9"]
[EventCountry "ESP"]
[Source "lmi"]
[SourceDate "2014.04.04"]

1. e4 c5 2. Nf3 g6 3. d4 Bg7 4. Nc3 Qa5 5. Be3 Nf6 6. Qd2 d6 7. dxc5 dxc5 8. e5
Nfd7 9. Bc4 Nb6 10. Bb5+ Bd7 11. Qe2 Bxb5 12. Qxb5+ Qxb5 13. Nxb5 Na6 14. O-O-O
O-O 15. Rhe1 h6 16. a3 Rfc8 1/2-1/2

[Event "26. Obert Vila de Sant Boi 2014"]
[Site "Sant Boi de Llobregat ESP"]
[Date "2014.04.25"]
[Round "3.10"]
[White "Casasampera Boada, Joaquim"]
[Black "Nadal Fajardo, Ricard"]
[Result "0-1"]
[WhiteElo "1990"]
[BlackElo "2141"]
[PlyCount "80"]
[EventDate "2014.04.04"]
[EventType "swiss"]
[EventRounds "9"]
[EventCountry "ESP"]
[Source "lmi"]
[SourceDate "2014.04.04"]

1. Nf3 Nf6 2. g3 d5 3. c4 e6 4. Bg2 Be7 5. O-O O-O 6. d3 c5 7. b3 Nc6 8. Bb2 d4
9. Na3 e5 10. Nc2 Bf5 11. Nh4 Bg4 12. h3 Be6 13. e4 g6 14. Bc1 Nd7 15. Bh6 Re8
16. Nf3 Bf6 17. Qd2 Bg7 18. Bxg7 Kxg7 19. Ng5 Nf8 20. Nxe6+ Nxe6 21. h4 h5 22.
b4 b6 23. b5 Na5 24. Ne1 a6 25. Rb1 axb5 26. Rxb5 Qd6 27. Nf3 Nc7 28. Rb2 Ra6
29. Rfb1 Rea8 30. Nh2 Nc6 31. g4 hxg4 32. Nxg4 Rh8 33. Rxb6 Ra3 34. f4 Rxh4 35.
fxe5 Qe6 36. Nf6 Qxe5 37. Rf1 Qh2+ 38. Kf2 Ne5 39. Ke1 Qg3+ 40. Rf2 Nxd3+ 0-1

[Event "26. Obert Vila de Sant Boi 2014"]
[Site "Sant Boi de Llobregat ESP"]
[Date "2014.05.09"]
[Round "4.1"]
[White "Blasco Coll, Andreu"]
[Black "Sanchez Lopez, Juan M"]
[Result "0-1"]
[WhiteElo "2182"]
[BlackElo "2290"]
[PlyCount "84"]
[EventDate "2014.04.04"]
[EventType "swiss"]
[EventRounds "9"]
[EventCountry "ESP"]
[Source "lmi"]
[SourceDate "2014.04.04"]

1. d4 d5 2. c4 e6 3. Nc3 f5 4. e3 Nf6 5. Bd3 c6 6. Nge2 Bd6 7. h3 O-O 8. g4 Ne4
9. gxf5 exf5 10. h4 Be6 11. Qb3 Qe7 12. cxd5 Bf7 13. Bd2 b5 14. Qc2 Nxd2 15.
Kxd2 b4 16. Na4 Bxd5 17. Rhg1 Qxh4 18. Bxf5 b3 19. axb3 Na6 20. e4 Qh6+ 21. f4
Bxf4+ 22. Nxf4 Qxf4+ 23. Kc3 Rxf5 24. exd5 cxd5 25. Nc5 Nxc5 26. dxc5 d4+ 27.
Kb4 Rb8+ 28. Ka3 Qc7 29. Qc4+ Kh8 30. b4 a5 31. Qxd4 axb4+ 32. Kb3 Qf7+ 33. Kc2
b3+ 34. Kc1 Rf1+ 35. Kd2 Rf2+ 36. Kc1 Rc2+ 37. Kb1 Rf8 38. Ra3 Rg2 39. Rc1 Qf5+
40. Ka1 Qc2 41. Re1 Rd2 42. Qc3 Rd1+ 0-1

[Event "26. Obert Vila de Sant Boi 2014"]
[Site "Sant Boi de Llobregat ESP"]
[Date "2014.05.09"]
[Round "4.2"]
[White "Nieto Farreny, Francesc"]
[Black "Marin Benito, Carla"]
[Result "1-0"]
[WhiteElo "2285"]
[BlackElo "2035"]
[PlyCount "195"]
[EventDate "2014.04.04"]
[EventType "swiss"]
[EventRounds "9"]
[EventCountry "ESP"]
[Source "lmi"]
[SourceDate "2014.04.04"]

1. d4 Nf6 2. c4 g6 3. Nc3 Bg7 4. e4 d6 5. Nf3 O-O 6. Be2 e5 7. O-O Nbd7 8. Qc2
h6 9. d5 Nh7 10. g3 a5 11. Rb1 Nc5 12. Be3 Bh3 13. Rfd1 b6 14. Qd2 g5 15. Kh1
f5 16. Ng1 Bg4 17. f3 Bh5 18. exf5 Nf6 19. g4 Bf7 20. Nh3 Kh7 21. Nf2 Rh8 22.
Kg2 Bf8 23. b3 Kg7 24. a3 Be7 25. b4 Ncd7 26. Nce4 axb4 27. axb4 Ra4 28. Nc3
Ra3 29. Ra1 Qa8 30. Qb2 Ra6 31. Rxa6 Qxa6 32. c5 Qc8 33. cxd6 Bxd6 34. Bb5 Qe8
35. Bxd7 Nxd7 36. b5 Nf6 37. Nfe4 Qe7 38. Nxf6 Qxf6 39. Ne4 Qd8 40. Qb3 Qd7 41.
Rc1 Ra8 42. Rc6 Bf8 43. h4 Ra3 44. Qb2 Qxd5 45. hxg5 Ra2 46. gxh6+ Kh8 47. Qxa2
Qxa2+ 48. Kg3 Bd5 49. Nc3 Qb3 50. Rxc7 Bg8 51. Bg5 Bh7 52. Bf6+ Kg8 53. Bxe5
Qb4 54. Ne4 Be7 55. Kf4 Kf8 56. g5 Qe1 57. Rc8+ Kf7 58. g6+ Bxg6 59. fxg6+ Kxg6
60. Rc6+ Kh7 61. Kf5 Qh4 62. Ke6 Kxh6 63. Kd7+ Kh7 64. Bf6 Bxf6 65. Nxf6+ Kh8
66. Rxb6 Qd4+ 67. Rd6 Qa7+ 68. Kc6 Qa8+ 69. Kc5 Qc8+ 70. Rc6 Qf8+ 71. Kd5 Qf7+
72. Kd4 Qb7 73. Kc4 Qf7+ 74. Nd5 Qxf3 75. b6 Qf1+ 76. Kc5 Qf2+ 77. Kd6 Qg3+ 78.
Kd7 Qg7+ 79. Ne7 Qg4+ 80. Kc7 Qf4+ 81. Kb7 Qe4 82. Nc8 Kg8 83. Kc7 Qf4+ 84. Kd8
Qg5+ 85. Ne7+ Kf7 86. Rc7 Qd2+ 87. Kc8 Ke8 88. Nc6 Qd5 89. Kb8 Qd6 90. Kb7 Qd5
91. Re7+ Kf8 92. Kc7 Qc4 93. b7 Qf4+ 94. Re5 Qf7+ 95. Kc8 Qf3 96. b8=Q Qxc6+
97. Kd8 Qf6+ 98. Kd7+ 1-0

[Event "26. Obert Vila de Sant Boi 2014"]
[Site "Sant Boi de Llobregat ESP"]
[Date "2014.05.09"]
[Round "4.3"]
[White "De Figueiredo Coutinho Filho"]
[Black "Gonzalez Verges, Alex"]
[Result "1-0"]
[WhiteElo "1817"]
[BlackElo "2284"]
[PlyCount "77"]
[EventDate "2014.04.04"]
[EventType "swiss"]
[EventRounds "9"]
[EventCountry "ESP"]
[Source "lmi"]
[SourceDate "2014.04.04"]

1. d4 Nf6 2. Nc3 g6 3. e4 d6 4. f4 Bg7 5. Nf3 O-O 6. Bd3 Na6 7. a3 Nd7 8. f5 c5
9. Be3 cxd4 10. Bxd4 Bxd4 11. Nxd4 Nac5 12. Bc4 Nf6 13. Qf3 Qb6 14. O-O-O Ncd7
15. Qg3 Qc5 16. Bb3 Nh5 17. Qh4 Qe5 18. Kb1 Ndf6 19. Rhf1 Kh8 20. g4 Ng7 21.
Nf3 Qf4 22. h3 h6 23. Rf2 Kh7 24. Rff1 g5 25. Qe1 Nge8 26. Rd4 Nxg4 27. hxg4
Qxg4 28. Qe3 e5 29. Rd2 Bd7 30. Rh2 Kg7 31. Rfh1 Qf4 32. Qxf4 gxf4 33. Rxh6 Nf6
34. Nd5 Nxd5 35. Bxd5 Rg8 36. Rh7+ Kf8 37. Rxf7+ Ke8 38. Rhh7 Bc6 39. Re7+ 1-0

[Event "26. Obert Vila de Sant Boi 2014"]
[Site "Sant Boi de Llobregat ESP"]
[Date "2014.05.09"]
[Round "4.4"]
[White "Nadal Fajardo, Ricard"]
[Black "Prats Rodriguez, Joan Bosco"]
[Result "1/2-1/2"]
[WhiteElo "2141"]
[BlackElo "2208"]
[PlyCount "78"]
[EventDate "2014.04.04"]
[EventType "swiss"]
[EventRounds "9"]
[EventCountry "ESP"]
[Source "lmi"]
[SourceDate "2014.04.04"]

1. e4 d6 2. d4 Nf6 3. Nc3 g6 4. Nf3 Bg7 5. Be2 O-O 6. O-O c6 7. a4 Nbd7 8. h3
Qc7 9. Be3 b6 10. Qd2 Bb7 11. Bh6 a6 12. Bxg7 Kxg7 13. Qe3 e5 14. dxe5 dxe5 15.
Rfd1 b5 16. b4 Rfe8 17. Nd2 c5 18. bxc5 b4 19. Na2 Nxc5 20. Nxb4 a5 21. Nd5
Bxd5 22. exd5 Nxd5 23. Qa3 Ne6 24. Bf3 Rad8 25. Bxd5 Rxd5 26. Nf1 Rxd1 27. Rxd1
Qxc2 28. Ne3 Qc7 29. Rc1 Qb7 30. Qd6 Nd4 31. Rc7 Qb4 32. Qxb4 axb4 33. Rb7 b3
34. Nc4 Re6 35. Nd2 Ra6 36. Nxb3 Rxa4 37. Nxd4 exd4 38. Rd7 Kf6 39. Kf1 Ke6
1/2-1/2

[Event "26. Obert Vila de Sant Boi 2014"]
[Site "Sant Boi de Llobregat ESP"]
[Date "2014.05.09"]
[Round "4.5"]
[White "Muñoz De La Orden, David"]
[Black "Alquezar Mancho, Renato"]
[Result "1-0"]
[WhiteElo "2149"]
[BlackElo "1957"]
[PlyCount "69"]
[EventDate "2014.04.04"]
[EventType "swiss"]
[EventRounds "9"]
[EventCountry "ESP"]
[Source "lmi"]
[SourceDate "2014.04.04"]

1. e4 c5 2. Nf3 e6 3. Nc3 Nc6 4. d4 cxd4 5. Nxd4 Nf6 6. Be3 Bb4 7. Nxc6 bxc6 8.
Qf3 Qa5 9. Bd2 O-O 10. Bd3 d5 11. exd5 cxd5 12. O-O Ba6 13. a3 Be7 14. Nxd5
Qxd5 15. Qxd5 Nxd5 16. Bxa6 Bf6 17. Rab1 Rab8 18. b3 Nc3 19. Rbe1 Rb6 20. Bc4
a6 21. Bf4 Nb5 22. Bxb5 Rxb5 23. Rb1 Rc8 24. c4 Rbc5 25. Be3 R5c6 26. c5 h5 27.
b4 Rb8 28. Rfd1 Be7 29. a4 Rcc8 30. Rdc1 e5 31. b5 f5 32. f3 Kf7 33. c6 axb5
34. axb5 Ke6 35. Ba7 1-0

[Event "26. Obert Vila de Sant Boi 2014"]
[Site "Sant Boi de Llobregat ESP"]
[Date "2014.05.09"]
[Round "4.6"]
[White "Carrasco Leon, Josep F"]
[Black "Romeu Perulles, Jaume"]
[Result "0-1"]
[WhiteElo "2058"]
[BlackElo "2060"]
[PlyCount "54"]
[EventDate "2014.04.04"]
[EventType "swiss"]
[EventRounds "9"]
[EventCountry "ESP"]
[Source "lmi"]
[SourceDate "2014.04.04"]

1. d4 f5 2. Bg5 Nf6 3. e3 e6 4. Nc3 Be7 5. Nf3 O-O 6. Bd3 d5 7. Qd2 Ne4 8. Bxe7
Qxe7 9. Bxe4 fxe4 10. Ne5 Nd7 11. Nxd7 Bxd7 12. Qe2 a6 13. f4 b5 14. a4 b4 15.
Nd1 c5 16. c3 a5 17. Nf2 bxc3 18. bxc3 cxd4 19. cxd4 Qb4+ 20. Qd2 Bxa4 21. Qxb4
axb4 22. Kd2 Rfc8 23. Rhc1 Rxc1 24. Rxc1 Bb3 25. Rb1 Ra2+ 26. Ke1 Bc4 27. Rxb4
Re2+ 0-1

[Event "26. Obert Vila de Sant Boi 2014"]
[Site "Sant Boi de Llobregat ESP"]
[Date "2014.05.09"]
[Round "4.7"]
[White "Chavero Trujillo, Luis"]
[Black "Chalmeta Torredemer, Josep"]
[Result "0-1"]
[WhiteElo "1993"]
[BlackElo "2257"]
[PlyCount "68"]
[EventDate "2014.04.04"]
[EventType "swiss"]
[EventRounds "9"]
[EventCountry "ESP"]
[Source "lmi"]
[SourceDate "2014.04.04"]

1. e4 e5 2. Nf3 Nc6 3. d4 exd4 4. Bc4 Nf6 5. O-O Nxe4 6. Re1 d5 7. Bxd5 Qxd5 8.
Nc3 Qa5 9. Rxe4+ Be6 10. Ne2 O-O-O 11. Bd2 Qd5 12. Ng3 Bd6 13. Qe1 Rhe8 14. a3
h6 15. b4 f5 16. Re2 Bd7 17. Rxe8 Rxe8 18. Qf1 Ne5 19. Nxe5 Bxe5 20. Qd3 Bxg3
21. Qxg3 Bc6 22. f3 g5 23. h3 Qc4 24. a4 Re2 25. b5 Rxd2 26. bxc6 bxc6 27. h4
gxh4 28. Qg6 Qxc2 29. Kh2 Re2 30. a5 Qc5 31. Qg8+ Kd7 32. Ra3 Qe5+ 33. Kh3 Qg3+
34. Qxg3 hxg3 0-1

[Event "26. Obert Vila de Sant Boi 2014"]
[Site "Sant Boi de Llobregat ESP"]
[Date "2014.05.09"]
[Round "4.8"]
[White "Barahona Junque, Bernabe"]
[Black "Miguel Centeno, David"]
[Result "0-1"]
[WhiteElo "1975"]
[BlackElo "2204"]
[PlyCount "48"]
[EventDate "2014.04.04"]
[EventType "swiss"]
[EventRounds "9"]
[EventCountry "ESP"]
[Source "lmi"]
[SourceDate "2014.04.04"]

1. d4 d6 2. Nf3 Bg4 3. e3 Nf6 4. Be2 Nbd7 5. Nbd2 c6 6. O-O e5 7. dxe5 dxe5 8.
c3 Be7 9. Qc2 O-O 10. Nc4 Qc7 11. b4 Rfe8 12. e4 Bf8 13. Ne3 Bh5 14. Nf5 a5 15.
Bd2 Rad8 16. Ng3 Bg6 17. Nh4 c5 18. Nxg6 hxg6 19. b5 c4 20. a4 Nc5 21. Bxc4
Ncxe4 22. Nxe4 Qxc4 23. Rfe1 Nxe4 24. Rxe4 Rxd2 0-1

[Event "26. Obert Vila de Sant Boi 2014"]
[Site "Sant Boi de Llobregat ESP"]
[Date "2014.05.09"]
[Round "4.9"]
[White "Bada Navarra, Jordi"]
[Black "Bonay Toscas, Santiago"]
[Result "1-0"]
[WhiteElo "2201"]
[BlackElo "2027"]
[PlyCount "95"]
[EventDate "2014.04.04"]
[EventType "swiss"]
[EventRounds "9"]
[EventCountry "ESP"]
[Source "lmi"]
[SourceDate "2014.04.04"]

1. e4 d5 2. exd5 Qxd5 3. Nc3 Qd6 4. g3 Nf6 5. Bg2 c6 6. d3 Bg4 7. Nge2 e6 8. h3
Bh5 9. g4 Bg6 10. Nf4 Nbd7 11. O-O O-O-O 12. Rb1 Nb6 13. a4 Nbd5 14. Qf3 Qc7
15. g5 Nxc3 16. bxc3 Nd5 17. Nxd5 Rxd5 18. Bf4 Bd6 19. Bxd6 Qxd6 20. Qe3 Ra5
21. Rb4 b6 22. Rc4 Rc5 23. Rxc5 bxc5 24. Qf3 Kc7 25. Rb1 Qd5 26. Qe3 Qd6 27.
Qf3 h6 28. gxh6 Rxh6 29. a5 Bh5 30. Qe4 Rg6 31. a6 f5 32. Rb7+ Kc8 33. Qh4 Qd5
34. f3 Rxg2+ 35. Kh1 Rh2+ 36. Kxh2 Qe5+ 37. Kg2 Qe2+ 38. Qf2 Bxf3+ 39. Kg1 Qd1+
40. Qf1 Qxf1+ 41. Kxf1 Bd1 42. Rxa7 Bxc2 43. Ke2 g5 44. Rg7 Kb8 45. Rxg5 Ka7
46. Kd2 Bb3 47. h4 Kxa6 48. h5 1-0

[Event "26. Obert Vila de Sant Boi 2014"]
[Site "Sant Boi de Llobregat ESP"]
[Date "2014.05.09"]
[Round "4.10"]
[White "Vega Rangel, Lluis"]
[Black "Langa Ramiro, Ricard"]
[Result "1-0"]
[WhiteElo "1970"]
[BlackElo "2150"]
[PlyCount "47"]
[EventDate "2014.04.04"]
[EventType "swiss"]
[EventRounds "9"]
[EventCountry "ESP"]
[Source "lmi"]
[SourceDate "2014.04.04"]

1. d4 e6 2. Nf3 f5 3. g3 b6 4. Bg2 Bb7 5. O-O Nf6 6. Bg5 Be7 7. Bxf6 Bxf6 8. c3
O-O 9. Nbd2 d5 10. e3 Nd7 11. Rc1 c5 12. Re1 g5 13. Nf1 g4 14. N3d2 Bg7 15.
dxc5 Nxc5 16. Nb3 Qe7 17. Nxc5 bxc5 18. Rc2 Rfd8 19. Rd2 Rab8 20. Qc1 Qf6 21.
Red1 Ba6 22. Rc2 h5 23. h4 gxh3 24. Bxh3 1-0

[Event "26. Obert Vila de Sant Boi 2014"]
[Site "Sant Boi de Llobregat ESP"]
[Date "2014.05.16"]
[Round "5.1"]
[White "Sanchez Lopez, Juan M"]
[Black "De Figueiredo Coutinho Filho"]
[Result "0-1"]
[WhiteElo "2290"]
[BlackElo "1817"]
[PlyCount "86"]
[EventDate "2014.04.04"]
[EventType "swiss"]
[EventRounds "9"]
[EventCountry "ESP"]
[Source "lmi"]
[SourceDate "2014.04.04"]

1. c4 e5 2. g3 Nc6 3. Bg2 Bc5 4. Nc3 d6 5. d3 a6 6. e3 Nge7 7. Nge2 Ba7 8. O-O
O-O 9. Rb1 Rb8 10. b4 b5 11. a3 Be6 12. Nd5 Qd7 13. Nec3 Bg4 14. Qc2 Bf5 15.
Nxe7+ Nxe7 16. e4 Be6 17. Nd5 c6 18. Nxe7+ Qxe7 19. Kh1 Rbc8 20. a4 f5 21. exf5
Bxf5 22. Be3 Bxe3 23. fxe3 Qg5 24. Rfe1 h5 25. e4 Be6 26. Ra1 bxa4 27. Rxa4 h4
28. gxh4 Qxh4 29. Raa1 Rf2 30. Re2 Rcf8 31. Kg1 R2f6 32. Rf1 Rh6 33. Rxf8+ Kxf8
34. Bf1 Bg4 35. Rf2+ Kg8 36. c5 Rg6 37. Rg2 Qe1 38. Qd2 Qb1 39. Qa2+ Qxa2 40.
Rxa2 Bh3+ 41. Bg2 Rxg2+ 42. Rxg2 Bxg2 43. Kxg2 dxc5 0-1

[Event "26. Obert Vila de Sant Boi 2014"]
[Site "Sant Boi de Llobregat ESP"]
[Date "2014.05.16"]
[Round "5.2"]
[White "Romeu Perulles, Jaume"]
[Black "Nieto Farreny, Francesc"]
[Result "0-1"]
[WhiteElo "2060"]
[BlackElo "2285"]
[PlyCount "81"]
[EventDate "2014.04.04"]
[EventType "swiss"]
[EventRounds "9"]
[EventCountry "ESP"]
[Source "lmi"]
[SourceDate "2014.04.04"]

1. e4 c5 2. Nf3 Nc6 3. d4 cxd4 4. Nxd4 g6 5. Nc3 Bg7 6. Be3 Nf6 7. f3 O-O 8.
Qd2 d5 9. O-O-O dxe4 10. Nxe4 Nxe4 11. fxe4 Nxd4 12. Bxd4 Qc7 13. Bxg7 Kxg7 14.
Be2 Be6 15. Kb1 Rac8 16. g4 Rfd8 17. Qc1 Rxd1 18. Bxd1 Qc4 19. b3 Qxe4 20. Rg1
Rd8 21. h4 Rd6 22. h5 b5 23. Qg5 Bd7 24. h6+ Kf8 25. Qc5 Qd4 26. Qxd4 Rxd4 27.
Kb2 f6 28. Kc3 e5 29. Bf3 Ke7 30. Rd1 b4+ 31. Kb2 Rxd1 32. Bxd1 Kd6 33. c4 e4
34. Kc2 Ke5 35. Kd2 Kd4 36. Be2 Bc6 37. Bd1 e3+ 38. Ke1 Be4 39. Ke2 f5 40. gxf5
gxf5 41. Ke1 0-1

[Event "26. Obert Vila de Sant Boi 2014"]
[Site "Sant Boi de Llobregat ESP"]
[Date "2014.05.16"]
[Round "5.3"]
[White "Gonzalez Verges, Alex"]
[Black "Muñoz De La Orden, David"]
[Result "1-0"]
[WhiteElo "2284"]
[BlackElo "2149"]
[PlyCount "125"]
[EventDate "2014.04.04"]
[EventType "swiss"]
[EventRounds "9"]
[EventCountry "ESP"]
[Source "lmi"]
[SourceDate "2014.04.04"]

1. e4 e5 2. Nf3 Nc6 3. Bb5 a6 4. Ba4 Nf6 5. d3 b5 6. Bb3 Bc5 7. O-O d6 8. c3
O-O 9. Re1 Bb6 10. Nbd2 Ne7 11. Nf1 Ng6 12. a4 c6 13. Ng3 Ng4 14. d4 Be6 15. h3
Nf6 16. Bxe6 fxe6 17. Qb3 Qe7 18. Be3 Bc7 19. dxe5 Nxe5 20. Nxe5 dxe5 21. Red1
Kh8 22. c4 b4 23. c5 a5 24. Qc4 Rfd8 25. Nf1 h6 26. Rxd8+ Bxd8 27. Rd1 Bc7 28.
Rd3 Qe8 29. Nd2 Qc8 30. f3 Qe8 31. Qb3 Qe7 32. Qd1 Rd8 33. Nc4 Rxd3 34. Qxd3
Qd7 35. Qxd7 Nxd7 36. Kf1 Kg8 37. g4 Kf7 38. Ke2 Ke7 39. h4 Kf7 40. Kd3 Ke7 41.
h5 Kf7 42. Nb6 Nf6 43. Bf2 Ke8 44. Kc4 Nd7 45. Nc8 Kf7 46. Bh4 Nb8 47. g5 hxg5
48. Bxg5 Ke8 49. Bh4 Kf7 50. Be7 Ke8 51. Bd6 Bxd6 52. Nxd6+ Ke7 53. Nb7 Kf6 54.
Nxa5 Kg5 55. Nxc6 Nxc6 56. Kb5 Nd4+ 57. Kb6 Nxf3 58. c6 Kxh5 59. c7 g5 60. c8=Q
g4 61. Qxe6 Kh4 62. Qh6+ Kg3 63. a5 1-0

[Event "26. Obert Vila de Sant Boi 2014"]
[Site "Sant Boi de Llobregat ESP"]
[Date "2014.05.16"]
[Round "5.4"]
[White "Chalmeta Torredemer, Josep"]
[Black "Povill Claros, Xavier"]
[Result "0-1"]
[WhiteElo "2257"]
[BlackElo "2061"]
[PlyCount "116"]
[EventDate "2014.04.04"]
[EventType "swiss"]
[EventRounds "9"]
[EventCountry "ESP"]
[Source "lmi"]
[SourceDate "2014.04.04"]

1. d4 Nf6 2. c4 e6 3. Nc3 Bb4 4. f3 d6 5. a3 Bxc3+ 6. bxc3 e5 7. Bg5 b6 8. e3
Nc6 9. Bd3 Na5 10. c5 bxc5 11. dxe5 dxe5 12. Qa4+ c6 13. Rd1 Qb6 14. Ne2 c4 15.
Bxc4 Nd7 16. Bd3 Nc5 17. Qb4 f6 18. Bh4 Nxd3+ 19. Rxd3 Ba6 20. c4 Qxb4+ 21.
axb4 Nxc4 22. O-O Ke7 23. Rfd1 Rhd8 24. Rxd8 Rxd8 25. Rxd8 Kxd8 26. Bf2 Nb2 27.
Nc1 Nd1 28. Be1 Bc4 29. e4 Kc7 30. g3 g5 31. Bd2 Kb6 32. h4 gxh4 33. gxh4 Kb5
34. Kg2 h5 35. f4 c5 36. bxc5 Kxc5 37. Kf3 Kb5 38. f5 Kc5 39. Ba5 Kd4 40. Bd2
Bd3 41. Nb3+ Kc4 42. Na5+ Kc5 43. Nb3+ Kb5 44. Na5 Nb2 45. Ke3 Nc4+ 46. Kxd3
Nxa5 47. Kc3 Nc4 48. Bg5 Nd6 49. Kd3 Ne8 50. Bh6 Kb4 51. Bf8+ Kb3 52. Bh6 a5
53. Bd2 a4 54. Bc3 Nd6 55. Ba5 Nc4 56. Bc3 a3 57. Ba1 Nb2+ 58. Kd2 Ka2 0-1

[Event "26. Obert Vila de Sant Boi 2014"]
[Site "Sant Boi de Llobregat ESP"]
[Date "2014.05.16"]
[Round "5.6"]
[White "Miguel Centeno, David"]
[Black "Ferre Honrubias, Victor"]
[Result "1-0"]
[WhiteElo "2204"]
[BlackElo "1839"]
[PlyCount "29"]
[EventDate "2014.04.04"]
[EventType "swiss"]
[EventRounds "9"]
[EventCountry "ESP"]
[Source "lmi"]
[SourceDate "2014.04.04"]

1. e4 e6 2. d4 d5 3. e5 c5 4. c3 Nc6 5. Be3 Qb6 6. Qd2 Bd7 7. Nf3 cxd4 8. cxd4
Nge7 9. Nc3 Nf5 10. Bd3 Nfxd4 11. Nxd4 Nxd4 12. O-O Bc5 13. Rac1 Nb5 14. Bxc5
Qxc5 15. Nxb5 1-0

[Event "26. Obert Vila de Sant Boi 2014"]
[Site "Sant Boi de Llobregat ESP"]
[Date "2014.05.16"]
[Round "5.7"]
[White "Prats Alonso, Oscar"]
[Black "Bada Navarra, Jordi"]
[Result "0-1"]
[WhiteElo "2114"]
[BlackElo "2201"]
[PlyCount "118"]
[EventDate "2014.04.04"]
[EventType "swiss"]
[EventRounds "9"]
[EventCountry "ESP"]
[Source "lmi"]
[SourceDate "2014.04.04"]

1. e4 d5 2. exd5 Qxd5 3. Nf3 Bg4 4. Be2 Nc6 5. O-O O-O-O 6. Nc3 Qf5 7. d4 Nf6
8. Be3 e5 9. d5 Nb4 10. h3 Bxf3 11. Bxf3 Kb8 12. Rc1 c6 13. Qd2 Be7 14. d6 Bxd6
15. Qe2 Nbd5 16. Ne4 Nf4 17. Bxf4 Qxf4 18. Nxd6 Rxd6 19. Rcd1 Rhd8 20. Rxd6
Rxd6 21. Rd1 Rxd1+ 22. Qxd1 Qd4 23. Qc1 h6 24. c3 Qd3 25. b3 a6 26. Qa3 Qxc3
27. Qf8+ Ka7 28. Qxg7 e4 29. Bg4 Qe1+ 30. Kh2 Qxf2 31. Bc8 e3 32. Qg3 Nd5 33.
Bg4 Kb6 34. Bf3 Qxg3+ 35. Kxg3 Kc5 36. Bh5 f5 37. Kf3 Kd4 38. g4 fxg4+ 39. Bxg4
b6 40. Bf5 c5 41. h4 b5 42. Be6 Nb4 43. a4 bxa4 44. bxa4 Nd3 45. a5 Ne5+ 46.
Ke2 Nc6 47. Bc8 Nxa5 48. Bxa6 c4 49. Bb5 c3 50. Bd3 Nc4 51. Bg6 Na3 52. Kd1 c2+
53. Bxc2 Nxc2 54. Kxc2 Ke4 55. Kd1 Kf3 56. Ke1 h5 57. Kf1 Kg3 58. Ke2 Kxh4 59.
Kxe3 Kg3 0-1

[Event "26. Obert Vila de Sant Boi 2014"]
[Site "Sant Boi de Llobregat ESP"]
[Date "2014.05.16"]
[Round "5.8"]
[White "Gaona Gonzalez, Gerard"]
[Black "Blasco Coll, Andreu"]
[Result "0-1"]
[WhiteElo "2103"]
[BlackElo "2182"]
[PlyCount "78"]
[EventDate "2014.04.04"]
[EventType "swiss"]
[EventRounds "9"]
[EventCountry "ESP"]
[Source "lmi"]
[SourceDate "2014.04.04"]

1. Nf3 Nf6 2. d3 d5 3. Nbd2 Bf5 4. g3 Nc6 5. Bg2 Qd7 6. O-O e5 7. Nh4 Bh3 8. e4
Bxg2 9. Kxg2 O-O-O 10. Re1 h5 11. c3 g5 12. Nhf3 Bh6 13. Qe2 g4 14. Nh4 Bxd2
15. Bxd2 dxe4 16. Bg5 exd3 17. Qe3 Nd5 18. Qe4 f6 19. Bd2 Nde7 20. Kg1 f5 21.
Qa4 Kb8 22. b4 e4 23. Be3 b6 24. Qb3 Ne5 25. Bf4 Nf3+ 26. Nxf3 gxf3 27. h4 Nd5
28. Bg5 f4 29. Kh2 Rde8 30. c4 Ne3 31. Rxe3 fxe3 32. Bxe3 Rhg8 33. a4 Rg4 34.
a5 Reg8 35. Bg5 R8xg5 36. hxg5 h4 37. c5 hxg3+ 38. fxg3 Qh7+ 39. Kg1 e3 0-1

[Event "26. Obert Vila de Sant Boi 2014"]
[Site "Sant Boi de Llobregat ESP"]
[Date "2014.05.16"]
[Round "5.9"]
[White "Marin Benito, Carla"]
[Black "Nadal Fajardo, Ricard"]
[Result "1/2-1/2"]
[WhiteElo "2035"]
[BlackElo "2141"]
[PlyCount "79"]
[EventDate "2014.04.04"]
[EventType "swiss"]
[EventRounds "9"]
[EventCountry "ESP"]
[Source "lmi"]
[SourceDate "2014.04.04"]

1. e4 c6 2. d4 d5 3. Nc3 dxe4 4. Nxe4 Bf5 5. Ng3 Bg6 6. Nf3 Nd7 7. h4 h6 8. h5
Bh7 9. Bd3 Bxd3 10. Qxd3 e6 11. Bf4 Ngf6 12. O-O-O Be7 13. Ne5 Nxe5 14. Bxe5
Qa5 15. Kb1 O-O 16. Ne4 Nxe4 17. Qxe4 Qd8 18. Qg4 Bf6 19. Rd3 Bxe5 20. dxe5 Qa5
21. f4 Kh8 22. Rhd1 Rad8 23. Qh4 Rxd3 24. Rxd3 Qc5 25. Qe1 Qc4 26. Qe3 Kg8 27.
b3 Qb4 28. Kb2 a5 29. Qd2 Qc5 30. Qe3 Qb4 31. Qd2 Qc5 32. Rd7 a4 33. b4 a3+ 34.
Kxa3 Ra8+ 35. Kb3 Qg1 36. Rd8+ Rxd8 37. Qxd8+ Kh7 38. Qd3+ Kg8 39. Qd8+ Kh7 40.
Qd3+ 1/2-1/2